000 01400cad a22002295a 4500
001 L155654
008 120330s2012 xxk ofs 000 0 eng d
020 _a9781842198377
035 _a(Sirsi) u155654
041 0 _aeng
110 2 _aRoyal Institution of Chartered Surveyors
_94900
245 0 0 _aInvestigating the impact of economic reforms on the construction cost management system in China
_bfull report
_h[electronic resource]
260 _aLondon
_bRICS
_c2012
300 _a60 p.
_bcol. ill.
_c30 cm.
490 _aRICS Research Paper Series
505 2 _aIntroduction -- Economic and Industry Reforms -- Cost Management Reforms -- Case Studies and Analyses -- Conclusion and Recommendations -- Acknowledgements -- Bibliography and References -- List of Tables -- List of Figures
520 _aThis report examines the impact that these reforms have had on cost management practices in the Chinese construction industry. The methodology for this report comprises an extensive literature review and data collection. Data collection involved an industry survey in Tianjin and Beijing in 2008, project case studies in Beijing in 2009 and the analysis of current project cost management documentation.
651 4 _aChina
690 _aConstruction management
_96230
856 4 0 _uhttps://www.rics.org/Global/China_CMS_280312_dwl_aj.pdf
_z View for free online at www.rics.org
942 _n0
999 _c113731
_d113731